000 00450nam a2200181Ia 4500
001 2257
005 20260306143829.0
008 260306t2014||||xx |||||||||||||| ||spa||
041 _aESP
082 _a616.83
_bM86
100 _aMoreno-Martínez, Francisco Javier
_eAUT
245 0 _aDemencia:
_bqué es y como puede tratarse
260 _c2014
300 _a211 páginas :
_c21 cm.
650 _aGEN
654 _aCPS
942 _cLIB
_dJUS
_fJUS
_2ddc
_n
999 _c2257
_d2257